00798nam a2200241Ia 450000100060000000300090000600800410001504000130005604000130006904100120008210000200009410000290011424500610014324500650020425000110026926000140028026000250029426000490031930000570036850000720042565000280049765000310052523670IT-RoPAU130308s9999 xx 000 0 und d aIT-RoPAU cIT-RoPAU aINGLESE aGans Herbert J. gCodice Aut. SPICS: 6283 aAudience for Television and in Television Research (The) bTelevision And Social Behavior: Beyond violence And Children a1a ed. aHILLSDALE bLawrence Erlbaum As. c1980 [1° Ed.:1980 - Ed.Ling.Originale:1980] a"27 p. (prefazione: no ; testo: 27 [pagine: 55-81])" aAudience Ascolto della Televisione ricerche Sugli Indici di Ascolto aSAGGI SULLA TELEVISIONE eCodice materia Spics: 6961